[Event "FRA-chT Top 12 final (Women)"]
[Site "Cesson Sevigne"]
[Date "2021.08.28"]
[Round "1.3"]
[White "Demais, Eilean"]
[Black "Parot De Sousa, Sophie"]
[Result "1/2-1/2"]
[WhiteElo "1463"]
[BlackElo "1447"]
[PlyCount "61"]
[EventDate "2021.08.28"]
[EventType "team-k.o."]
[EventRounds "2"]
[EventCountry "FRA"]
[SourceTitle "CBM 204 Extra"]
[Source "ChessBase"]
[SourceDate "2021.11.30"]
[SourceVersion "1"]
[SourceVersionDate "2021.11.30"]
[SourceQuality "1"]
[WhiteTeam "Clichy Echecs 92 (W)"]
[BlackTeam "Paris Club 608 (W)"]
[WhiteTeamCountry "FRA"]
[BlackTeamCountry "FRA"]

1. e4 c5 2. Nc3 Nc6 3. g3 g6 4. Bg2 Bg7 5. d3 Nf6 6. Be3 d6 7. Qd2 0-0 8. Bh6 Bg4 9. Bxg7 Kxg7 10. Nge2 Qc8 11. 0-0 Bh3 12. f4 Bxg2 13. Kxg2 a6 14. f5 e6 15. fxg6 fxg6 16. h3 b5 17. Rf2 Nh5 18. Raf1 Rxf2+ 19. Rxf2 Qd8 20. Nf4 Nxf4+ 21. Qxf4 Qe7 22. Ne2 Rf8 23. Qxf8+ Qxf8 24. Rxf8 Kxf8 25. Kf3 Kf7 26. c3 a5 27. h4 Ne5+ 28. Ke3 Ng4+ 29. Kf3 Ne5+ 30. Ke3 Ng4+ 31. Kf3 1/2-1/2

[Event "FRA-ch U14 Girls"]
[Site "Hyeres"]
[Date "2019.04.15"]
[Round "2"]
[White "Demais, Eilean"]
[Black "Sumarriva Paulin, Laura"]
[Result "0-1"]
[WhiteElo "1409"]
[BlackElo "1922"]
[PlyCount "118"]
[EventDate "2019.04.14"]
[EventType "swiss"]
[EventRounds "9"]
[EventCountry "FRA"]
[SourceTitle "CBM 190 Extra"]
[Source "ChessBase"]
[SourceDate "2019.07.15"]
[SourceVersion "1"]
[SourceVersionDate "2019.07.15"]
[SourceQuality "1"]

1. e4 e6 2. d4 d5 3. e5 c5 4. c3 Bd7 5. Bd3 Nc6 6. Nf3 cxd4 7. cxd4 Qb6 8. Bc2 Nb4 9. Ba4 Bxa4 10. Qxa4+ Nc6 11. a3 Nge7 12. Nc3 Nf5 13. Ne2 Be7 14. Rb1 0-0 15. 0-0 Rac8 16. Bf4 Ncxd4 17. Nfxd4 Rc4 18. Qd1 Nxd4 19. Nxd4 Rxd4 20. Qf3 Rc4 21. Qg3 Rfc8 22. h4 Qd4 23. b3 Rc3 24. Qh2 Qd3 25. g3 Rxb3 26. Rxb3 Qxb3 27. Qh3 Qf3 28. h5 Rc2 29. Be3 Bc5 30. Bxc5 Rxc5 31. h6 Qf5 32. Qh4 g5 33. Qa4 Rc8 34. Qd7 Rf8 35. Qxb7 Qxe5 36. Qxa7 Qf6 37. a4 Qxh6 38. Rb1 Qf6 39. a5 Qd8 40. Rb7 Qa8 41. Rxf7 Qxa7 42. Rxa7 Rb8 43. a6 Rb1+ 44. Kg2 Ra1 45. Kf3 h5 46. Ra8+ Kg7 47. a7 Ra3+ 48. Kg2 d4 49. Re8 Rxa7 50. Rxe6 Rd7 51. Kf3 d3 52. Re1 d2 53. Rd1 Kf6 54. Ke2 h4 55. gxh4 gxh4 56. f3 Kf5 57. f4 h3 58. Kf3 h2 59. Ke2 Rd8 0-1